000
00289 a2200121 4500
250
_a
2ème éd.
245
_a
Thérapeutique générale de librairie
100
_a
Les Agrégés du Pharo
260
_c
1986
300
_a
410 p.
999
_c
17603
_d
17603